5-Star Flag Countries Quiz Stats

Quiz not verified by Sporcle

Challenge
Share
Tweet
Embed
Score 0/7 Timer 02:00
0 Plays Today
Continent Country % Correct
AsiaChina
90.9%
OceaniaSamoa
72.7%
OceaniaSolomon Islands
68.2%
North AmericaHonduras
59.1%
OceaniaPapua New Guinea
59.1%
AsiaSingapore
45.5%
AsiaTurkmenistan
40.9%

You're not logged in!

Compare scores with friends on all Sporcle quizzes.
Sign Up with Email
OR
Log In

You Might Also Like...

Show Comments

Extras

Top Quizzes Today


Score Distribution

Your Account Isn't Verified!

In order to create a playlist on Sporcle, you need to verify the email address you used during registration. Go to your Sporcle Settings to finish the process.